000 00938nam a2200289 4500
001 0000024016
003 CO-CtgCURN
005 20250331191043.0
008 160627s1998 000 0 eng d
020 _a9580446105
040 _aCO-CtgCURN
_bspa
_ccoctgcurn
082 0 _a862.2
_bR741
100 1 _aRojas, Fernando de.
245 1 3 _aLa celestina :
_btragicomedia de Calixto y Melibea /
_cFernando de Rojas.
260 _aBogotá :
_bNorma,
_c1998.
300 _a338 p.
336 _2rdacontent
337 _2rdamedia
_asin mediacion
_bn
338 _2rdacarrier
_avolumen
_bnc
490 1 _aColección la maquina del tiempo
600 1 0 _aRojas, Fernando de,
_d1475-1538
_vCritica e interpretacion.
650 0 _aComedia española
_y1500-1700.
650 0 _aTeatro español
_y1500-1700.
908 _a160627
942 _cBK
_h862.2
_iR741
_2ddc
999 _c25894
_d25894
_x1